000
00282nam a2200109Ia 4500
008
220204s9999 xx 000 0 und d
082
_a
025.5
_b
PRA
100
_a
Prasher, R G
245
0
_a
Information and its communication
260
_a
New Delhi
_b
Medallion Press
_c
1991
942
_c
BK
999
_c
40701
_d
40701